00560 2200193 4500001002100000005001500021035002000036245006500056100002000121250001200141300004900153260003500202082001000237084001600247020001800263650005100281990001700332990001700349INLIS00000000003843720250805083352 a0010-08250000121 aManajemen Risiko dalam Olah Raga Rekreasi /cNurhadi Santoso0 aNurhadi Santoso aPertama axii + 186 Halaman :bIlustrasi ;c16 x 23 cm aYogyakarta :bUNY Press,c2025 a363.1 a363.1 NUR m a9786342230374 4aProgram Keamanan terhadap Kecelakaan Olah Raga a38390/H/2025 a38390/H-2025